000 00344nam a2200169Ia 4500
100 _aEVANS MIKE
650 _aPHILOPSOPHY
942 _cBK
366 _f25
654 _aEXAMS
245 _aEXAMS ARE EASY
260 _bBETTER YOURSELF BOOK
_aBandra
_c2002
082 _a170/EVA
_bEVA
300 _a101
546 _aENGLISH
999 _c35610
_d35610